Multilingual Neural Networks

Salvato in:
Dettagli Bibliografici
Autore principale: Bojkovský, Michal (Autore)
Altri autori: Pikuliak, Matúš (Relatore della tesi)
Natura: Manoscritto Libro
Lingua:slovacco
inglese
Pubblicazione: 2019
Soggetti:
Accesso online:http://is.stuba.sk/zp/portal_zp.pl?podrobnosti=122746
Tags: Aggiungi Tag
Nessun Tag, puoi essere il primo ad aggiungerne!!

MARC

LEADER 00000ntm a22000003a 4500
001 stuzp75096
003 SK-STU
005 20190807170131.3
007 ta
008 150427s2015----xo-----f-mn---000-0-slo-d
040 |a STU  |b slo 
041 0 |a eng 
044 |a xo 
100 1 |a Bojkovský, Michal  |u 070200  |4 aut  |U FIIT Fakulta informatiky a informačných technológií  |T FIIT Ústav informatiky, informačných systémov a softvérového inžinierstva  |X 79486  |U I200  |Y 179  |7 79486 
242 0 1 |a Multilingválne neurónové siete  |y slo 
245 1 0 |a Multilingual Neural Networks 
260 |c 2019 
300 |e Neobsahuje CD-rom 
650 4 |a Učenie s transférom  |2 slo 
650 4 |a Rekurentné siete  |2 slo 
650 4 |a Detekcia nenávistných prejavov  |2 slo 
650 4 |a Spracovanie prirodzeného jazyka  |2 slo 
650 4 |a Neurónové siete  |2 slo 
650 4 |a Konvolučné siete  |2 slo 
650 4 |a Hate speech detection  |2 eng 
650 4 |a Natural language processing  |2 eng 
650 4 |a Convolutional neural networks  |2 eng 
650 4 |a Recurrent neural networks  |2 eng 
650 4 |a Transfer learning  |2 eng 
650 4 |a Neural networks  |2 eng 
700 1 |a Pikuliak, Matúš  |u 070200  |k Z3  |4 ths  |U FIIT Fakulta informatiky a informačných technológií  |T FIIT Ústav informatiky, informačných systémov a softvérového inžinierstva  |X 8363  |U I200  |Y 179  |7 8363 
856 4 |u http://is.stuba.sk/zp/portal_zp.pl?podrobnosti=122746 
996 |c I*BAP109/19  |l II680  |s P  |a 0  |w stuzp75096_0001